[Event "ODJM A 2017"]
[Site "Willingen GER"]
[Date "2017.06.06"]
[Round "5"]
[White "Wenninger, Philipp"]
[Black "Parvanyan, Ashot"]
[Result "1/2-1/2"]
[Termination "normal"]
[Board "1"]
[WhiteElo "2345"]
[BlackElo "2326"]
[WhiteClock "00:06:20"]
[BlackClock "00:07:40"]
[PlyCount "65"]
[WhiteFideId "4648404"]
[BlackFideId "13307550"]
[EventCountry "GER"]
[EventRounds "9"]
[EventType "swiss"]
[EventDate "2017.06.03"]

1. d4 {[%clk 1:30:51]} 1... Nf6 {[%clk 1:30:35]} 2. c4 {[%clk 1:31:13]} 2... g6
{[%clk 1:30:22]} 3. Nc3 {[%clk 1:31:34]} 3... Bg7 {[%clk 1:30:43]} 4. e4 {
[%clk 1:32:00]} 4... d6 {[%clk 1:31:07]} 5. Nf3 {[%clk 1:32:24]} 5... O-O {
[%clk 1:31:18]} 6. Be2 {[%clk 1:32:51]} 6... Bg4 {[%clk 1:30:40]} 7. Be3 {
[%clk 1:33:09]} 7... Nfd7 {[%clk 1:30:16]} 8. Rc1 {[%clk 1:33:32]} 8... a6 {
[%clk 1:26:28]} 9. Ng1 {[%clk 1:26:37]} 9... Bxe2 {[%clk 1:26:35]} 10. Ngxe2 {
[%clk 1:27:03]} 10... c5 {[%clk 1:21:15]} 11. O-O {[%clk 1:27:05]} 11... Nc6 {
[%clk 1:21:17]} 12. b3 {[%clk 1:16:35]} 12... Rb8 {[%clk 1:12:51]} 13. a4 {
[%clk 1:03:39]} 13... cxd4 {[%clk 1:10:26]} 14. Nxd4 {[%clk 1:03:42]} 14... Nc5
{[%clk 1:10:05]} 15. Rb1 {[%clk 0:50:06]} 15... Qd7 {[%clk 0:53:16]} 16. Qd2 {
[%clk 0:45:52]} 16... a5 {[%clk 0:43:43]} 17. Rfd1 {[%clk 0:41:36]} 17... Nb4 {
[%clk 0:36:23]} 18. f3 {[%clk 0:41:44]} 18... b6 {[%clk 0:33:39]} 19. Nd5 {
[%clk 0:40:35]} 19... Nxd5 {[%clk 0:30:54]} 20. exd5 {[%clk 0:41:02]} 20...
Rbe8 {[%clk 0:24:13]} 21. Bf2 {[%clk 0:41:01]} 21... Be5 {[%clk 0:16:42]} 22.
Re1 {[%clk 0:40:25]} 22... e6 {[%clk 0:15:16]} 23. dxe6 {[%clk 0:40:34]} 23...
fxe6 {[%clk 0:15:19]} 24. Nb5 Qe7 25. Nc3 {[%clk 0:29:11]} 25... Qg7 { [%clk
0:12:22]} 26. Ne4 {[%clk 0:28:03]} 26... Rd8 {[%clk 0:12:37]} 27. Qc2 { [%clk
0:20:00]} 27... Qh6 {[%clk 0:10:24]} 28. h3 {[%clk 0:20:07]} 28... Qf4 { [%clk
0:08:54]} 29. Bg3 {[%clk 0:18:51]} 29... Bd4+ {[%clk 0:09:04]} 30. Kh1 { [%clk
0:16:12]} 30... Qf5 {[%clk 0:09:22]} 31. Re2 {[%clk 0:09:00]} 31... d5 { [%clk
0:07:17]} 32. cxd5 {[%clk 0:08:07]} 32... exd5 {[%clk 0:07:40]} 33. Nxc5 {[%clk
0:06:20]} 1/2-1/2

[Event "ODJM A 2017"]
[Site "Willingen GER"]
[Date "2017.06.06"]
[Round "5"]
[White "Shopanov, Akzhan"]
[Black "Denisov, Vladislav"]
[Result "1/2-1/2"]
[Termination "normal"]
[Board "3"]
[WhiteElo "2091"]
[BlackElo "2172"]
[WhiteClock "01:23:49"]
[BlackClock "01:24:08"]
[PlyCount "41"]
[WhiteFideId "13713272"]
[BlackFideId "4100867"]
[EventCountry "GER"]
[EventRounds "9"]
[EventType "swiss"]
[EventDate "2017.06.03"]

1. e4 {[%clk 1:30:59]} 1... e5 {[%clk 1:30:32]} 2. Nf3 {[%clk 1:31:24]} 2...
Nf6 {[%clk 1:30:57]} 3. Nc3 {[%clk 1:31:51]} 3... Nc6 {[%clk 1:31:23]} 4. Be2 {
[%clk 1:32:17]} 4... Be7 {[%clk 1:31:43]} 5. O-O {[%clk 1:32:42]} 5... O-O {
[%clk 1:32:09]} 6. d4 {[%clk 1:33:07]} 6... d6 {[%clk 1:32:29]} 7. h3 { [%clk
1:33:21]} 7... Re8 {[%clk 1:32:45]} 8. Be3 {[%clk 1:33:25]} 8... h6 { [%clk
1:32:56]} 9. d5 {[%clk 1:32:38]} 9... Nb8 {[%clk 1:33:20]} 10. Nh2 { [%clk
1:28:45]} 10... Nbd7 {[%clk 1:32:23]} 11. Ng4 {[%clk 1:28:49]} 11... Nxg4
{[%clk 1:32:25]} 12. hxg4 {[%clk 1:28:48]} 12... Bg5 {[%clk 1:32:44]} 13. Qd2 {
[%clk 1:27:37]} 13... Nf8 {[%clk 1:32:10]} 14. Bxg5 {[%clk 1:26:33]} 14... Qxg5
{[%clk 1:28:40]} 15. Qxg5 {[%clk 1:26:30]} 15... hxg5 {[%clk 1:29:05]} 16. Nd1
{[%clk 1:26:48]} 16... g6 {[%clk 1:27:06]} 17. Ne3 {[%clk 1:26:57]} 17... a5 {
[%clk 1:25:38]} 18. b3 {[%clk 1:23:48]} 18... b6 {[%clk 1:23:25]} 19. a3 {
[%clk 1:23:27]} 19... Ba6 {[%clk 1:23:49]} 20. c4 {[%clk 1:23:30]} 20... Nd7 {
[%clk 1:24:08]} 21. b4 {[%clk 1:23:49]} 1/2-1/2

[Event "ODJM A 2017"]
[Site "Willingen GER"]
[Date "2017.06.06"]
[Round "5"]
[White "Arndt, Magnus"]
[Black "Hecht, Carsten"]
[Result "1/2-1/2"]
[Termination "normal"]
[Board "5"]
[WhiteElo "2017"]
[BlackElo "2232"]
[WhiteClock "00:34:49"]
[BlackClock "00:01:52"]
[PlyCount "143"]
[WhiteFideId "12998656"]
[BlackFideId "24693928"]
[EventCountry "GER"]
[EventRounds "9"]
[EventType "swiss"]
[EventDate "2017.06.03"]

1. e4 {[%clk 1:30:58]} 1... e5 {[%clk 1:30:56]} 2. Nf3 {[%clk 1:31:23]} 2...
Nc6 {[%clk 1:31:24]} 3. d4 {[%clk 1:31:44]} 3... exd4 {[%clk 1:31:49]} 4. Nxd4
{[%clk 1:32:11]} 4... Nf6 {[%clk 1:32:11]} 5. Nxc6 {[%clk 1:32:35]} 5... bxc6 {
[%clk 1:32:36]} 6. e5 {[%clk 1:33:00]} 6... Qe7 {[%clk 1:32:54]} 7. Qe2 { [%clk
1:33:24]} 7... Nd5 {[%clk 1:33:20]} 8. c4 {[%clk 1:33:41]} 8... Ba6 { [%clk
1:33:44]} 9. b3 {[%clk 1:34:07]} 9... g6 {[%clk 1:33:38]} 10. Ba3 { [%clk
1:34:31]} 10... Nb4 {[%clk 1:13:27]} 11. Bb2 {[%clk 1:32:45]} 11... Bg7 { [%clk
1:06:22]} 12. a3 {[%clk 1:32:27]} 12... Nd5 {[%clk 1:04:17]} 13. g3 { [%clk
1:31:28]} 13... O-O {[%clk 0:57:47]} 14. Bg2 {[%clk 1:31:37]} 14... Rae8 {[%clk
0:53:37]} 15. O-O {[%clk 1:31:15]} 15... Bxe5 {[%clk 0:50:47]} 16. Qxe5 {[%clk
1:31:31]} 16... Qxe5 {[%clk 0:51:12]} 17. Bxe5 {[%clk 1:31:52]} 17... Rxe5
{[%clk 0:51:37]} 18. cxd5 {[%clk 1:32:17]} 18... Bxf1 {[%clk 0:52:01]} 19. Kxf1
{[%clk 1:32:43]} 19... cxd5 {[%clk 0:52:16]} 20. Nc3 {[%clk 1:33:01]} 20... c6
{[%clk 0:51:06]} 21. b4 {[%clk 1:32:03]} 21... Rfe8 {[%clk 0:49:51]} 22. Bf3
{[%clk 1:31:35]} 22... a5 {[%clk 0:31:24]} 23. Ne2 {[%clk 1:03:56]} 23... Rb8
{[%clk 0:26:01]} 24. Nf4 {[%clk 0:58:52]} 24... Ree8 {[%clk 0:18:53]} 25. Nd3
{[%clk 0:45:41]} 25... axb4 {[%clk 0:18:19]} 26. axb4 {[%clk 0:45:33]} 26...
Ra8 {[%clk 0:17:42]} 27. Rxa8 Rxa8 28. Ke2 28... Kf8 {[%clk 0:15:41]} 29. Ke3
{[%clk 0:38:02]} 29... Ke7 {[%clk 0:15:17]} 30. Kd4 {[%clk 0:38:09]} 30... Kd6
{[%clk 0:14:56]} 31. h4 {[%clk 0:38:16]} 31... Ra4 {[%clk 0:14:03]} 32. Kc3
{[%clk 0:37:40]} 32... Ra3+ {[%clk 0:10:31]} 33. Kd4 {[%clk 0:37:36]} 33... Ke7
{[%clk 0:08:17]} 34. Bg4 {[%clk 0:36:12]} 34... h5 {[%clk 0:06:17]} 35. Bf3 {
[%clk 0:35:52]} 35... d6 {[%clk 0:04:35]} 36. Bg2 {[%clk 0:35:44]} 36... Rb3 {
[%clk 0:01:14]} 37. Bh3 {[%clk 0:35:15]} 37... Ra3 {[%clk 0:01:09]} 38. Bg2 {
[%clk 0:35:26]} 38... Kd7 {[%clk 0:00:41]} 39. Bh3+ {[%clk 0:34:32]} 39... Kc7
{[%clk 0:00:58]} 40. Bg2 {[%clk 0:34:40]} 40... Kb6 {[%clk 0:00:41]} 41. Bh3 {
[%clk 0:34:53]} 41... Kc7 {[%clk 0:24:33]} 42. Bg2 {[%clk 1:05:44]} 42... Rb3 {
[%clk 0:24:49]} 43. Bh3 {[%clk 1:05:27]} 43... Kb6 {[%clk 0:22:00]} 44. Bd7 {
[%clk 1:03:30]} 44... Ra3 {[%clk 0:21:55]} 45. Bh3 {[%clk 1:02:27]} 45... Ra7 {
[%clk 0:19:06]} 46. Bg2 {[%clk 1:01:38]} 46... Ra2 {[%clk 0:14:15]} 47. Bf3 {
[%clk 0:58:13]} 47... Rc2 {[%clk 0:14:12]} 48. Ke3 {[%clk 0:57:05]} 48... Rc4 {
[%clk 0:11:41]} 49. Kd2 {[%clk 0:56:39]} 49... d4 {[%clk 0:09:52]} 50. Bd1 {
[%clk 0:54:04]} 50... Rc3 {[%clk 0:08:58]} 51. Bf3 {[%clk 0:54:17]} 51... Ra3 {
[%clk 0:07:13]} 52. Kc2 {[%clk 0:51:14]} 52... c5 {[%clk 0:06:08]} 53. bxc5+ {
[%clk 0:51:19]} 53... dxc5 {[%clk 0:06:37]} 54. Bd5 {[%clk 0:51:35]} 54... c4 {
[%clk 0:06:53]} 55. Nb2 {[%clk 0:41:05]} 55... Kc5 {[%clk 0:06:10]} 56. Bxf7 {
[%clk 0:39:52]} 56... Rf3 {[%clk 0:03:21]} 57. Bxg6 {[%clk 0:39:36]} 57...
Rxf2+ {[%clk 0:03:47]} 58. Kc1 {[%clk 0:39:33]} 58... Rg2 {[%clk 0:00:56]} 59.
Bf7 {[%clk 0:36:26]} 59... Rg1+ {[%clk 0:01:06]} 60. Kc2 {[%clk 0:36:50]} 60...
Rg2+ {[%clk 0:01:33]} 61. Kc1 {[%clk 0:37:16]} 61... Rxg3 {[%clk 0:00:48]} 62.
Bxc4 {[%clk 0:37:41]} 62... Rh3 {[%clk 0:00:36]} 63. Be2 {[%clk 0:37:42]} 63...
Rxh4 {[%clk 0:00:52]} 64. Nd3+ {[%clk 0:38:01]} 64... Kd6 {[%clk 0:01:02]} 65.
Kd2 {[%clk 0:38:16]} 65... Rh2 {[%clk 0:01:18]} 66. Ne1 {[%clk 0:36:49]} 66...
Kc5 {[%clk 0:01:10]} 67. Kd3 {[%clk 0:36:01]} 67... Rh3+ {[%clk 0:01:10]} 68.
Nf3 {[%clk 0:36:14]} 68... Rg3 {[%clk 0:01:29]} 69. Ke4 {[%clk 0:35:51]} 69...
Rg4+ {[%clk 0:01:35]} 70. Kf5 {[%clk 0:35:32]} 70... Rg2 {[%clk 0:01:32]} 71.
Nxd4 {[%clk 0:34:24]} 71... Kxd4 {[%clk 0:01:52]} 72. Bxh5 {[%clk 0:34:49]}
1/2-1/2

[Event "ODJM A 2017"]
[Site "Willingen GER"]
[Date "2017.06.06"]
[Round "5"]
[White "Hinrichs, Niklas"]
[Black "Sabirov, Ramil"]
[Result "0-1"]
[Termination "normal"]
[Board "7"]
[WhiteElo "1930"]
[BlackElo "2038"]
[WhiteClock "00:27:53"]
[BlackClock "00:15:45"]
[PlyCount "94"]
[WhiteFideId "12942499"]
[BlackFideId "12900303"]
[EventCountry "GER"]
[EventRounds "9"]
[EventType "swiss"]
[EventDate "2017.06.03"]

1. d4 {[%clk 1:30:57]} 1... Nf6 {[%clk 1:30:57]} 2. c4 {[%clk 1:31:24]} 2... g6
{[%clk 1:31:24]} 3. Nc3 {[%clk 1:31:51]} 3... d5 {[%clk 1:31:51]} 4. cxd5 {
[%clk 1:32:19]} 4... Nxd5 {[%clk 1:32:17]} 5. Bd2 {[%clk 1:32:45]} 5... Nb6 {
[%clk 1:32:41]} 6. e4 {[%clk 1:33:10]} 6... Qxd4 {[%clk 1:32:52]} 7. Qc2 {
[%clk 1:33:15]} 7... Qd8 {[%clk 1:23:01]} 8. O-O-O {[%clk 1:32:03]} 8... Bd7 {
[%clk 1:22:35]} 9. h4 {[%clk 1:22:30]} 9... h5 {[%clk 1:19:03]} 10. f4 { [%clk
1:20:07]} 10... Nc6 {[%clk 1:16:47]} 11. Nf3 {[%clk 1:18:38]} 11... e6 { [%clk
1:03:14]} 12. a3 {[%clk 1:15:49]} 12... Qe7 {[%clk 0:58:14]} 13. Nb5 { [%clk
1:11:00]} 13... O-O-O {[%clk 0:50:58]} 14. Bc3 {[%clk 1:08:09]} 14... Rg8
{[%clk 0:50:34]} 15. Be5 {[%clk 1:08:14]} 15... Na8 {[%clk 0:47:27]} 16. Kb1 {
[%clk 0:49:12]} 16... Bg7 {[%clk 0:33:06]} 17. Bxg7 {[%clk 0:43:19]} 17... Rxg7
{[%clk 0:33:31]} 18. e5 {[%clk 0:38:10]} 18... Nb6 {[%clk 0:26:34]} 19. Nfd4 {
[%clk 0:25:05]} 19... Kb8 20. Rh3 20... Nd5 {[%clk 0:12:15]} 21. Nxc6+ { [%clk
0:23:44]} 21... Bxc6 {[%clk 0:10:19]} 22. Nd4 {[%clk 0:23:47]} 22... Bd7 {[%clk
0:06:29]} 23. Rb3 {[%clk 0:23:38]} 23... c5 {[%clk 0:03:55]} 24. f5 { [%clk
0:03:55]} 24... gxf5 {[%clk 0:01:06]} 25. Ba6 {[%clk 0:02:25]} 25... b6 { [%clk
0:01:12]} 26. Nxf5 {[%clk 0:02:08]} 26... exf5 {[%clk 0:01:36]} 27. Rxd5 {[%clk
0:02:22]} 27... Bc6 {[%clk 0:00:48]} 28. Rxd8+ {[%clk 0:02:11]} 28... Qxd8
{[%clk 0:01:14]} 29. Rd3 {[%clk 0:02:35]} 29... Qe7 {[%clk 0:00:58]} 30. Qd2
{[%clk 0:02:48]} 30... Be4 {[%clk 0:01:16]} 31. Ka2 {[%clk 0:02:15]} 31... Bxd3
{[%clk 0:01:33]} 32. Bxd3 {[%clk 0:02:07]} 32... Qxe5 {[%clk 0:01:12]} 33. Be2
{[%clk 0:02:18]} 33... Qe6+ {[%clk 0:01:22]} 34. Ka1 {[%clk 0:02:38]} 34... Kc8
{[%clk 0:00:37]} 35. Bf3 {[%clk 0:01:13]} 35... Rg8 {[%clk 0:00:33]} 36. Qf4
{[%clk 0:00:32]} 36... Rd8 {[%clk 0:00:37]} 37. Qa4 {[%clk 0:00:44]} 37... Qd7
{[%clk 0:00:53]} 38. Qa6+ {[%clk 0:00:39]} 38... Kb8 {[%clk 0:01:18]} 39. Qc4
{[%clk 0:01:00]} 39... Qc7 {[%clk 0:00:53]} 40. Bxh5 {[%clk 0:00:33]} 40... Rd4
{[%clk 0:00:38]} 41. Qe2 {[%clk 0:29:32]} 41... Re4 {[%clk 0:21:39]} 42. Qf2
{[%clk 0:29:39]} 42... Qe5 {[%clk 0:19:14]} 43. Qd2 {[%clk 0:27:54]} 43... Qd4
{[%clk 0:17:34]} 44. Qc1 {[%clk 0:27:36]} 44... Re3 {[%clk 0:16:32]} 45. Ka2
{[%clk 0:27:26]} 45... Qd5+ {[%clk 0:15:31]} 46. Ka1 {[%clk 0:27:54]} 46... Qe5
{[%clk 0:15:35]} 47. Qd2 {[%clk 0:27:53]} 47... Rxa3+ {[%clk 0:15:45]} 0-1

[Event "ODJM A 2017"]
[Site "Willingen GER"]
[Date "2017.06.06"]
[Round "5"]
[White "Koch, Yannick"]
[Black "Schnabel, Bennett"]
[Result "1-0"]
[Termination "normal"]
[Board "8"]
[WhiteElo "1927"]
[BlackElo "2137"]
[WhiteClock "00:23:00"]
[BlackClock "00:07:08"]
[PlyCount "65"]
[WhiteFideId "24661678"]
[BlackFideId "12943290"]
[EventCountry "GER"]
[EventRounds "9"]
[EventType "swiss"]
[EventDate "2017.06.03"]

1. d4 {[%clk 1:30:50]} 1... f5 {[%clk 1:30:53]} 2. g3 {[%clk 1:31:09]} 2... Nf6
{[%clk 1:31:17]} 3. Bg2 {[%clk 1:31:24]} 3... g6 {[%clk 1:31:38]} 4. Nf3 {
[%clk 1:31:46]} 4... d6 {[%clk 1:31:58]} 5. O-O {[%clk 1:32:10]} 5... Bg7 {
[%clk 1:32:21]} 6. c4 {[%clk 1:32:34]} 6... O-O {[%clk 1:32:43]} 7. Nc3 { [%clk
1:33:01]} 7... c6 {[%clk 1:33:08]} 8. Rb1 {[%clk 1:33:13]} 8... Qe8 { [%clk
1:33:31]} 9. d5 {[%clk 1:29:13]} 9... Na6 10. b4 {[%clk 1:14:33]} 10... Bd7
{[%clk 1:29:44]} 11. Qb3 {[%clk 1:12:29]} 11... cxd5 {[%clk 1:29:06]} 12. cxd5
{[%clk 1:11:51]} 12... Rc8 {[%clk 1:28:53]} 13. Be3 {[%clk 1:09:05]} 13... Ng4
{[%clk 1:19:55]} 14. Bd4 {[%clk 1:07:55]} 14... Bxd4 {[%clk 1:17:52]} 15. Nxd4
{[%clk 1:08:17]} 15... Ne5 {[%clk 1:18:08]} 16. Rfd1 {[%clk 0:57:50]} 16... g5
{[%clk 1:10:48]} 17. Ne6 {[%clk 0:55:11]} 17... Bxe6 {[%clk 1:08:41]} 18. dxe6
{[%clk 0:55:39]} 18... Rc4 {[%clk 1:02:14]} 19. Nd5 {[%clk 0:45:31]} 19... f4
{[%clk 0:57:50]} 20. Rbc1 {[%clk 0:43:09]} 20... Rxc1 {[%clk 0:53:39]} 21. Rxc1
{[%clk 0:43:32]} 21... Kh8 {[%clk 0:41:00]} 22. gxf4 {[%clk 0:31:10]} 22...
gxf4 {[%clk 0:41:12]} 23. Qh3 {[%clk 0:30:50]} 23... Qg6 {[%clk 0:37:39]} 24.
Kh1 {[%clk 0:27:35]} 24... f3 {[%clk 0:28:30]} 25. Bxf3 {[%clk 0:27:01]} 25...
Nxf3 {[%clk 0:27:50]} 26. exf3 {[%clk 0:27:27]} 26... Qg5 {[%clk 0:27:25] } 27.
Rd1 {[%clk 0:26:11]} 27... h6 {[%clk 0:09:56]} 28. f4 {[%clk 0:25:02]} 28...
Qg6 {[%clk 0:07:43]} 29. Rg1 {[%clk 0:24:03]} 29... Qh7 {[%clk 0:06:36]} 30.
Nxe7 {[%clk 0:23:48]} 30... Rf6 {[%clk 0:06:16]} 31. Rg8+ {[%clk 0:23:56]}
31... Qxg8 {[%clk 0:06:41]} 32. Nxg8 {[%clk 0:24:21]} 32... Kxg8 { [%clk
0:07:08]} 33. e7 {[%clk 0:23:00]} 1-0

[Event "ODJM A 2017"]
[Site "Willingen GER"]
[Date "2017.06.06"]
[Round "5"]
[White "Ortmeier, Leonhard"]
[Black "Hartmann, Jakob"]
[Result "0-1"]
[Termination "normal"]
[Board "9"]
[WhiteElo "1921"]
[BlackElo "2103"]
[WhiteClock "00:23:40"]
[BlackClock "00:01:22"]
[PlyCount "48"]
[WhiteFideId "12993662"]
[BlackFideId "12918067"]
[EventCountry "GER"]
[EventRounds "9"]
[EventType "swiss"]
[EventDate "2017.06.03"]

1. e4 {[%clk 1:30:33]} 1... e5 {[%clk 1:30:46]} 2. Nf3 {[%clk 1:27:40]} 2...
Nc6 {[%clk 1:31:00]} 3. Bc4 {[%clk 1:27:52]} 3... Bc5 {[%clk 1:31:09]} 4. O-O {
[%clk 1:27:53]} 4... d6 {[%clk 1:28:25]} 5. d3 {[%clk 1:26:36]} 5... Nf6 {
[%clk 1:26:33]} 6. c3 {[%clk 1:26:45]} 6... a6 {[%clk 1:26:20]} 7. a4 { [%clk
1:26:09]} 7... O-O {[%clk 1:25:11]} 8. h3 {[%clk 1:22:07]} 8... Ba7 { [%clk
1:17:30]} 9. Re1 {[%clk 1:19:20]} 9... Be6 {[%clk 1:07:04]} 10. Bb3 { [%clk
1:15:10]} 10... Ne7 {[%clk 0:55:33]} 11. Nbd2 {[%clk 1:07:23]} 11... Ng6 {[%clk
0:53:39]} 12. Nf1 {[%clk 1:03:19]} 12... Nh5 {[%clk 0:53:01]} 13. d4 { [%clk
0:57:46]} 13... Nhf4 {[%clk 0:33:57]} 14. Be3 {[%clk 0:45:12]} 14... Qf6 {[%clk
0:27:29]} 15. Bc2 {[%clk 0:37:43]} 15... Rad8 {[%clk 0:14:30]} 16. Ng3 { [%clk
0:36:06]} 16... Nh4 {[%clk 0:08:35]} 17. Nxh4 {[%clk 0:35:50]} 17... Qxh4
{[%clk 0:08:56]} 18. Qf3 {[%clk 0:35:04]} 18... g6 {[%clk 0:02:59]} 19. d5 {
[%clk 0:32:24]} 19... Bxe3 {[%clk 0:03:07]} 20. fxe3 {[%clk 0:30:45]} 20...
Nxh3+ {[%clk 0:00:47]} 21. gxh3 {[%clk 0:30:08]} 21... Bxh3 {[%clk 0:01:11]}
22. Nh1 {[%clk 0:29:13]} 22... f5 {[%clk 0:01:10]} 23. exf5 {[%clk 0:23:52]}
23... Bxf5 {[%clk 0:00:59]} 24. Bxf5 {[%clk 0:23:40]} 24... Rxf5 { [%clk
0:01:22]} 0-1

[Event "ODJM A 2017"]
[Site "Willingen GER"]
[Date "2017.06.06"]
[Round "5"]
[White "Seregina, Maria"]
[Black "Wanner, Lukas"]
[Result "0-1"]
[Termination "normal"]
[Board "10"]
[WhiteElo "1829"]
[BlackElo "2002"]
[WhiteClock "00:01:39"]
[BlackClock "00:26:01"]
[PlyCount "168"]
[WhiteFideId "24178853"]
[BlackFideId "12918148"]
[EventCountry "GER"]
[EventRounds "9"]
[EventType "swiss"]
[EventDate "2017.06.03"]

1. f4 {[%clk 1:30:57]} 1... d5 {[%clk 1:28:10]} 2. Nf3 {[%clk 1:31:17]} 2... g6
{[%clk 1:28:26]} 3. g3 {[%clk 1:31:41]} 3... Bg7 {[%clk 1:28:52]} 4. Bg2 {
[%clk 1:32:06]} 4... Nh6 {[%clk 1:28:59]} 5. O-O {[%clk 1:31:21]} 5... O-O {
[%clk 1:29:00]} 6. d3 {[%clk 1:31:37]} 6... d4 {[%clk 1:28:52]} 7. Nbd2 { [%clk
1:27:22]} 7... Nf5 {[%clk 1:25:56]} 8. Nc4 {[%clk 1:26:42]} 8... c5 { [%clk
1:24:35]} 9. Bd2 {[%clk 1:22:07]} 9... Nc6 {[%clk 1:21:45]} 10. c3 { [%clk
1:13:27]} 10... Be6 {[%clk 1:19:37]} 11. g4 {[%clk 1:00:31]} 11... Nd6 { [%clk
1:17:12]} 12. Nxd6 {[%clk 0:58:46]} 12... Qxd6 {[%clk 1:15:36]} 13. h3 { [%clk
0:58:58]} 13... f5 {[%clk 1:09:44]} 14. g5 {[%clk 0:51:49]} 14... Bd5 { [%clk
1:08:20]} 15. c4 {[%clk 0:50:50]} 15... Bf7 {[%clk 1:08:12]} 16. Rb1 { [%clk
0:43:51]} 16... Rab8 {[%clk 1:05:36]} 17. a4 {[%clk 0:38:11]} 17... a5 { [%clk
1:02:54]} 18. Ne1 {[%clk 0:36:48]} 18... b6 {[%clk 1:00:40]} 19. Nc2 { [%clk
0:35:00]} 19... Rfe8 {[%clk 0:52:36]} 20. Na3 {[%clk 0:34:21]} 20... e5 { [%clk
0:50:25]} 21. Nb5 {[%clk 0:34:37]} 21... Qd7 {[%clk 0:50:30]} 22. fxe5 { [%clk
0:34:00]} 22... Bxe5 {[%clk 0:50:16]} 23. Bf4 {[%clk 0:34:00]} 23... Bxf4
{[%clk 0:50:10]} 24. Rxf4 {[%clk 0:34:25]} 24... Re3 {[%clk 0:49:46]} 25. Rf2 {
[%clk 0:32:57]} 25... Rbe8 {[%clk 0:49:10]} 26. Qf1 {[%clk 0:24:16]} 26... Nb4
{[%clk 0:48:38]} 27. Bf3 {[%clk 0:23:49]} 27... R8e5 {[%clk 0:43:13]} 28. Qg2 {
[%clk 0:23:04]} 28... Kg7 {[%clk 0:42:17]} 29. Kh2 {[%clk 0:21:47]} 29... Qe7 {
[%clk 0:40:30]} 30. Rg1 {[%clk 0:20:38]} 30... Na6 {[%clk 0:32:19]} 31. Qg3 {
[%clk 0:20:22]} 31... Nb8 {[%clk 0:31:16]} 32. Qh4 {[%clk 0:20:25]} 32... Nd7 {
[%clk 0:30:22]} 33. Qh6+ {[%clk 0:18:55]} 33... Kg8 {[%clk 0:30:13]} 34. Nc7 {
[%clk 0:17:47]} 34... Qd6 {[%clk 0:29:38]} 35. Nb5 {[%clk 0:17:59]} 35... Qb8 {
[%clk 0:29:00]} 36. Kh1 {[%clk 0:16:38]} 36... Nf8 {[%clk 0:28:18]} 37. Qh4 {
[%clk 0:14:07]} 37... Re7 {[%clk 0:25:16]} 38. Qg3 {[%clk 0:12:07]} 38... Qxg3
{[%clk 0:18:58]} 39. Rxg3 {[%clk 0:12:32]} 39... Ne6 {[%clk 0:18:46]} 40. Rgg2
{[%clk 0:11:18]} 40... Nf4 {[%clk 0:17:43]} 41. Rh2 {[%clk 0:11:28]} 41... Bxc4
{[%clk 0:09:32]} 42. dxc4 {[%clk 0:08:13]} 42... d3 {[%clk 0:30:21]} 43. Nc3 {
[%clk 0:32:08]} 43... dxe2 {[%clk 0:30:40]} 44. Bxe2 {[%clk 0:21:25]} 44...
Nxh3 {[%clk 0:30:24]} 45. Rxh3 {[%clk 0:20:21]} 45... Rxh3+ {[%clk 0:30:45]}
46. Kg2 {[%clk 0:20:48]} 46... Rhe3 {[%clk 0:30:25]} 47. Bf3 {[%clk 0:19:26]}
47... Re1 {[%clk 0:28:13]} 48. Nd5 {[%clk 0:19:36]} 48... R7e6 {[%clk 0:28:01]}
49. Nf6+ {[%clk 0:19:00]} 49... Kg7 {[%clk 0:27:45]} 50. Bd5 {[%clk 0:12:20]}
50... R6e2 {[%clk 0:25:49]} 51. Nd7 {[%clk 0:11:36]} 51... Rxf2+ { [%clk
0:25:58]} 52. Kxf2 {[%clk 0:11:58]} 52... Rb1 {[%clk 0:26:23]} 53. Kg3 { [%clk
0:11:27]} 53... Rxb2 {[%clk 0:26:42]} 54. Bc6 {[%clk 0:11:34]} 54... h6 { [%clk
0:24:35]} 55. gxh6+ {[%clk 0:11:47]} 55... Kxh6 {[%clk 0:25:00]} 56. Ne5 {[%clk
0:09:49]} 56... Kg5 {[%clk 0:24:36]} 57. Nf3+ {[%clk 0:09:28]} 57... Kf6 {[%clk
0:24:52]} 58. Ng1 {[%clk 0:04:36]} 58... g5 {[%clk 0:25:07]} 59. Nh3 { [%clk
0:04:31]} 59... Rb4 {[%clk 0:25:08]} 60. Bb5 {[%clk 0:04:37]} 60... Rb3+ {[%clk
0:25:30]} 61. Kg2 {[%clk 0:04:51]} 61... g4 {[%clk 0:24:11]} 62. Nf2 { [%clk
0:03:49]} 62... Ke5 {[%clk 0:23:38]} 63. Bd7 {[%clk 0:03:25]} 63... Rc3 { [%clk
0:23:50]} 64. Bb5 {[%clk 0:02:56]} 64... Kd4 {[%clk 0:24:12]} 65. Nd1 { [%clk
0:02:30]} 65... Rb3 {[%clk 0:23:51]} 66. Bd7 {[%clk 0:02:34]} 66... Kxc4 {[%clk
0:23:53]} 67. Bxf5 {[%clk 0:02:25]} 67... Kb4 {[%clk 0:23:41]} 68. Bxg4 {[%clk
0:01:41]} 68... Kxa4 {[%clk 0:24:03]} 69. Kf2 {[%clk 0:02:01]} 69... b5 {[%clk
0:24:05]} 70. Ke2 {[%clk 0:02:20]} 70... c4 {[%clk 0:24:20]} 71. Kd2 { [%clk
0:02:21]} 71... Rg3 {[%clk 0:23:57]} 72. Be2 {[%clk 0:02:30]} 72... Rg2 { [%clk
0:24:05]} 73. Nc3+ {[%clk 0:02:38]} 73... Kb4 {[%clk 0:24:22]} 74. Nd5+ { [%clk
0:02:22]} 74... Kc5 {[%clk 0:24:44]} 75. Ne3 {[%clk 0:02:43]} 75... c3+ { [%clk
0:24:03]} 76. Kd3 {[%clk 0:02:55]} 76... Rxe2 {[%clk 0:23:58]} 77. Kxe2 { [%clk
0:03:13]} 77... Kb4 {[%clk 0:24:21]} 78. Kd1 {[%clk 0:03:25]} 78... Kb3 { [%clk
0:24:37]} 79. Kc1 {[%clk 0:03:32]} 79... b4 {[%clk 0:25:00]} 80. Kb1 { [%clk
0:03:30]} 80... a4 {[%clk 0:25:11]} 81. Nc2 {[%clk 0:03:33]} 81... Kc4 { [%clk
0:25:13]} 82. Kc1 {[%clk 0:01:26]} 82... b3 {[%clk 0:25:16]} 83. Na3+ { [%clk
0:01:39]} 83... Kb4 {[%clk 0:25:38]} 84. Nb1 {[%clk 0:01:39]} 84... a3 { [%clk
0:26:01]} 0-1